<?xml version="1.0" encoding="UTF-8"?>
<record
    xmlns:xsi="http://www.w3.org/2001/XMLSchema-instance"
    xsi:schemaLocation="http://www.loc.gov/MARC21/slim http://www.loc.gov/standards/marcxml/schema/MARC21slim.xsd"
    xmlns="http://www.loc.gov/MARC21/slim">

  <leader>00686nam a22002297a 4500</leader>
  <controlfield tag="005">20250226095557.0</controlfield>
  <controlfield tag="008">221115b        |||||||| |||| 00| 0 eng d</controlfield>
  <datafield tag="017" ind1=" " ind2=" ">
    <subfield code="a">2022-6094</subfield>
  </datafield>
  <datafield tag="018" ind1=" " ind2=" ">
    <subfield code="a">2022</subfield>
  </datafield>
  <datafield tag="020" ind1=" " ind2=" ">
    <subfield code="a">9789789952564</subfield>
  </datafield>
  <datafield tag="040" ind1=" " ind2=" ">
    <subfield code="a">NLN</subfield>
    <subfield code="b">English</subfield>
    <subfield code="e">AACR2</subfield>
  </datafield>
  <datafield tag="050" ind1=" " ind2=" ">
    <subfield code="a">DT515.83</subfield>
    <subfield code="b">.A228</subfield>
  </datafield>
  <datafield tag="082" ind1=" " ind2=" ">
    <subfield code="a">923</subfield>
    <subfield code="b">.8669</subfield>
  </datafield>
  <datafield tag="100" ind1=" " ind2=" ">
    <subfield code="a">ADEDEJI, Modupeola</subfield>
    <subfield code="9">19698</subfield>
  </datafield>
  <datafield tag="245" ind1=" " ind2=" ">
    <subfield code="a">My story :</subfield>
    <subfield code="b">his glory /</subfield>
    <subfield code="c">Modupeola Adedeji</subfield>
  </datafield>
  <datafield tag="260" ind1=" " ind2=" ">
    <subfield code="a">Ibadan, Oyo state (No36, Gbadebo Street Mokola) :</subfield>
    <subfield code="b">Tudis Books, </subfield>
    <subfield code="c">2021</subfield>
  </datafield>
  <datafield tag="300" ind1=" " ind2=" ">
    <subfield code="a">xiii, 95p. :</subfield>
    <subfield code="b">col. ports. ; 20cm.</subfield>
  </datafield>
  <datafield tag="563" ind1=" " ind2=" ">
    <subfield code="a">(pbk)</subfield>
  </datafield>
  <datafield tag="650" ind1=" " ind2=" ">
    <subfield code="a">Adedeji, Modupeola</subfield>
    <subfield code="9">19699</subfield>
  </datafield>
  <datafield tag="650" ind1=" " ind2=" ">
    <subfield code="a">Accountant </subfield>
    <subfield code="v">Nigeria</subfield>
    <subfield code="x">Biography</subfield>
    <subfield code="9">19700</subfield>
  </datafield>
  <datafield tag="942" ind1=" " ind2=" ">
    <subfield code="c">BK</subfield>
    <subfield code="n">0</subfield>
  </datafield>
  <datafield tag="999" ind1=" " ind2=" ">
    <subfield code="c">9999</subfield>
    <subfield code="d">9999</subfield>
  </datafield>
  <datafield tag="952" ind1=" " ind2=" ">
    <subfield code="0">0</subfield>
    <subfield code="1">0</subfield>
    <subfield code="2">lcc</subfield>
    <subfield code="4">0</subfield>
    <subfield code="7">0</subfield>
    <subfield code="a">AKU</subfield>
    <subfield code="b">MAIN</subfield>
    <subfield code="d">2022-11-15</subfield>
    <subfield code="e">Legal deposit</subfield>
    <subfield code="i">410159</subfield>
    <subfield code="l">0</subfield>
    <subfield code="o">DT515.83 .A228</subfield>
    <subfield code="p">410159</subfield>
    <subfield code="r">2022-11-15 00:00:00</subfield>
    <subfield code="w">2022-11-15</subfield>
    <subfield code="y">BK</subfield>
  </datafield>
  <datafield tag="952" ind1=" " ind2=" ">
    <subfield code="0">0</subfield>
    <subfield code="1">0</subfield>
    <subfield code="2">lcc</subfield>
    <subfield code="4">0</subfield>
    <subfield code="7">0</subfield>
    <subfield code="a">GOM</subfield>
    <subfield code="b">MAIN</subfield>
    <subfield code="d">2022-11-15</subfield>
    <subfield code="e">Legal deposit</subfield>
    <subfield code="i">410158</subfield>
    <subfield code="l">0</subfield>
    <subfield code="o">DT515.83 .A228</subfield>
    <subfield code="p">410158</subfield>
    <subfield code="r">2022-11-15 00:00:00</subfield>
    <subfield code="w">2022-11-15</subfield>
    <subfield code="y">BK</subfield>
  </datafield>
  <datafield tag="952" ind1=" " ind2=" ">
    <subfield code="0">0</subfield>
    <subfield code="1">0</subfield>
    <subfield code="2">lcc</subfield>
    <subfield code="4">0</subfield>
    <subfield code="7">0</subfield>
    <subfield code="a">LAF</subfield>
    <subfield code="b">MAIN</subfield>
    <subfield code="d">2022-11-15</subfield>
    <subfield code="e">Legal deposit</subfield>
    <subfield code="i">6094</subfield>
    <subfield code="l">0</subfield>
    <subfield code="o">DT515.83 .A228</subfield>
    <subfield code="p">6094</subfield>
    <subfield code="r">2022-11-15 00:00:00</subfield>
    <subfield code="w">2022-11-15</subfield>
    <subfield code="y">BK</subfield>
  </datafield>
</record>
